00504 2200193 4500001002100000005001500021035002000036008004100056245008400097100001900181250000600200260003300206300001100239084001400250082000800264650001400272990001200286990001200298INLIS00000000000038220240430020340 a0010-0424000358240430 0 ind 1 aA Series Of Grammar : Let's study Passive And Active Sentences /cMarta Yuliani aYuliani, Marta a1 aBandung :bPakar Raya,c2015 a52 hlm a400 MAR a a400 4aNon Fiksi a0728603 a0728604